| 000 | 00830cam a2200229 a 4500 | ||
|---|---|---|---|
| 001 | 17240250 | ||
| 003 | NUST - PNEC | ||
| 005 | 20170116181200.0 | ||
| 008 | 120403s2012 nyua 001 0 eng | ||
| 010 | _a 2012007124 | ||
| 020 | _a9780071778220 | ||
| 020 | _a0071778225 | ||
| 040 | _cLIBRARY | ||
| 082 | 0 | 0 | _a621.3815 DOS |
| 100 | 1 | _aDossis, Nick. | |
| 245 | 1 | 0 |
_aBrilliant LED projects : 20 electronic designs for artists, hobbyists, and experimenters _cNick Dossis |
| 260 |
_aNew York : _bMcGraw-Hill, _cc2012. |
||
| 300 |
_axiv, 258 p. : _bill. ; _c28 cm. |
||
| 650 | 0 |
_aElectronic apparatus and appliances _xDesign and construction |
|
| 856 | 4 | 2 | _uhttp://www.amazon.com/Brilliant-LED-Projects-Electronic-Experimenters/dp/0071778225/ref=sr_1_1?ie=UTF8&qid=1454996873&sr=8-1&keywords=9780071778220 |
| 942 |
_2ddc _cBK |
||
| 999 |
_c71416 _d71416 |
||